Quick Pick: Dublin Landmarks Quiz Stats

 Plays Quiz Updated Mar 17, 2020

Support Sporcle.
Go Orange.
Score 0/10 Timer 00:30
2 Plays Today
% Correct
Guinness Storehouse
94.3%
Molly Malone Statue
81.2%
Ha'penny Bridge
80.4%
Jameson Distillery
76.3%
Kilmainham Gaol
75.9%
St Patrick's Cathedral
71.8%
Glasnevin Cemetery
70.5%
Phoenix Park
66.4%
Merrion Square
65.7%
National Leprechaun Museum
55.9%

Today's Daily Dose

Missing Word
90s UK #1s

Word Ladder
Full Score

Quick Pick
Prime Books

Get the Picture
Big 4 'P' All-Stars

From the Vault

Country Word Mine II

by caramba

Don't forget your canary.
Remove Ads.
Support Sporcle.
Get the best of Sporcle when you Go Orange. This ad-free experience offers more features, more stats, and more fun while also helping to support Sporcle. Thank you for becoming a member.

Show Comments

Extras

Top Quizzes Today


Score Distribution

Your Account Isn't Verified!

In order to create a playlist on Sporcle, you need to verify the email address you used during registration. Go to your Sporcle Settings to finish the process.

Report this User

Report this user for behavior that violates our Community Guidelines.

Details: